| 000 | 01828cam a22003497i 4500 | ||
|---|---|---|---|
| 001 | 18994387 | ||
| 005 | 20170731094938.0 | ||
| 008 | 160225t20172017caua b 001 0 eng c | ||
| 020 | _a9781446252611 (hardback) | ||
| 020 | _a1446252612 (hardback) | ||
| 020 | _a9781446252628 (paperback) | ||
| 020 | _a1446252620 (paperback) | ||
| 040 | _cPK-LaUMT | ||
| 082 | 0 | 0 |
_a711.4 _223 _bURB- |
| 245 | 0 | 0 |
_aUrban regeneration / _cedited by Peter Roberts, Hugh Sykes, and Rachel Granger |
| 250 | _a2nd ed. | ||
| 260 |
_aLos Angeles : _bSage Publications, _c2017 |
||
| 300 |
_axv, 344 p. : _billustrations ; _c25 cm |
||
| 500 | _aPrevious edition as: Urban regeneration : a handbook / edited by Peter Roberts and Hugh Sykes, 1999. | ||
| 520 | _a"Providing students and practitioners with a detailed overview of the key theoretical and applied issues, this book is a comprehensive and integrated primer on regeneration. The various chapters: review the history and context of urban regeneration; consider funding implications; look at environmental, social and community issues, as well as employment, education and training; focus on managing urban regeneration; consider land use issues; and discuss monitoring and evaluation. The book concludes with a comparative analysis, with examples from America and Europe, and a discussion of future trends. The book represents the first systematic overview of urban regeneration in one volume and is set to become the standard reference." --Publisher. | ||
| 650 | 0 | _aUrban policy. | |
| 650 | 0 | _aUrban renewal. | |
| 650 | 0 | _aCity planning. | |
| 650 | 7 | _aCity planning. | |
| 650 | 7 | _aUrban policy. | |
| 650 | 7 | _aUrban renewal. | |
| 650 | 7 | _aArchitecture and Planning. | |
| 700 | 1 | _aRoberts, Peter W., | |
| 700 | 1 | _aSykes, Hugh, | |
| 700 | 1 | _aGranger, Rachel, | |
| 942 | _cBK | ||
| 999 |
_c95944 _d95944 |
||